000 00555nam a2200181Ia 4500
003 GCL
008 140319s9999 xx 000 0 ara d
040 _aGCL /
_cGCL
082 0 4 _a631.4
_bع ت
100 1 _aعبدالوهاب بن رجب
245 1 0 _aالتجارب العملية فى علم الاحياء الدقيقة التعدينى /
_cعبدالوهاب بن رجب
700 1 _aهاشم بن صادق
300 _a128 ص
490 _a
650 0 4 _aالاحياء الدقيقة
650 0 4 _aالتربة - علم
942 _2ddc
_cBK
999 _c41477
_d41477